000 00382nam a2200157Ia 4500
008 230524s9999 xx 000 0 und d
082 _a610.28
_bBAN
100 _aMohan Bansal
_924809
245 0 _aMedical Informatics A Primer
250 _a1st
260 _aNEW DELHI
_bTMH
_c2003
300 _aXVIII;429
500 _aQuantity Number: 1
650 _aBiomedical
942 _cBK
999 _c36721
_d36721